000 00304 a2200157 4500
001 171583
020 _a
040 _cMagnum
100 _aBelinky, Tatiana
240 1 0 _aCacoliques
_lpor
245 1 0 _aCacoliques
362 0 _a1899
440 1 _aMelhoramentos
697 _aI/POESIA
942 _cBK
999 _c171583
_d171583